Boletín Económico/
保存先:
| 団体著者: | |
|---|---|
| フォーマット: | 図書 |
| 言語: | Spanish |
| 出版事項: |
Panamá:
Universidad de Panamá. Facultad de Economía. Unidad de Investigación
|
| 主題: | |
| タグ: |
タグ追加
タグなし, このレコードへの初めてのタグを付けませんか!
|
MARC
| LEADER | 00000nam a22000007a 4500 | ||
|---|---|---|---|
| 003 | cru CIDCACS/IIS | ||
| 005 | 20200722123758.0 | ||
| 007 | ta | ||
| 008 | 200722n pn |||p|r||||||0| ||spa|d | ||
| 999 | |c 43258 |d 43258 | ||
| 040 | |c cru CIDCACS/IIS | ||
| 090 | |a REV0104 | ||
| 110 | 1 | |9 9445 |a Universidad de Panamá. |b Facultad de Economía. Unidad de Investigación | |
| 245 | |a Boletín Económico/ |c Universidad de Panamá. Facultad de Economía. Unidad de Investigación | ||
| 260 | |a Panamá: |b Universidad de Panamá. Facultad de Economía. Unidad de Investigación | ||
| 500 | |a EXISTENCIAS : 1986 (2) 1987 (ene.-jun) 1988 (ene.-dic) 1989 (ene.-jun.) CONTIENE SEPARATAS | ||
| 650 | 0 | |9 2142 |a DESARROLLO ECONOMICO | |
| 650 | 4 | |9 4380 |a MODELOS ECONOMICOS | |
| 650 | 4 | |9 3217 |a PROBLEMAS POLITICOS | |
| 650 | 0 | |9 370 |a POLITICA EXTERIOR | |
| 650 | 0 | |9 533 |a CONDICIONES SOCIALES | |
| 650 | 4 | |9 2646 |a RELACIONES INTERNACIONALES | |
| 651 | 0 | |9 353 |a PANAMA | |
| 942 | |2 ddc |c PP | ||
